=LDR 00000nam 2200000 4500 =001 INLIS000000000034621 =005 20130612140524 =008 ***********************************ind** =035 ##$$a0010-061300000034621 =041 ##$$a ind =082 ##$$a 813 =090 ##$$a 813 , Zen,d =100 ##$$a Zen,Stephani =245 ##$$a Anak Band, Stephanie Zen =260 ##$$a 2006 $b Jakarta =300 ##$$a 270 hlm., 20 cm =650 ##$$a Fiksi Indonesia =850 ##$$a NBPNMAT =990 ##$$a 94372/BPAP-NTB/2014